Devine la commune de Moselle avec des indices ! - Statistiques

Statistiques générales
  • Ce quiz a été pris 28 fois
  • Le résultat moyen est 10 sur 20
Statistiques - réponses
Indices Communes % Correct
C'est la plus grande ville du département (en pop), Cette ville est la seule du département à posséder une cathédrale,Les joueurs de cette équipe portent un maillot de foot couleur "grenat" Sa gare a été classé comme la plus belle de France plusieurs fois. Metz
96%
Elle est connue pour sa faïencerie (production de céramique),Le début de son nom commence par le nom d'un fleuve allemand, Elle est situé à la frontière allemande. Sarreguemines
85%
C'est la "grande ville" la plus proche du Luxembourg,Elle est a 30 kilomètres de Metz et 31 kilomètres de Luxembourg, Elle possède des monument comme la "Tour aux Puces" ou la "Porte de Sarrelouis", Elle possède des quartiers tels que : "Beauregard" ou "Guentrange" Thionville
81%
C'est une ville fortifiée et elle possède en plein milieu de celle-ci, une citadelle,Son nom traduit en anglais est un mot vulgaire. Bitche
77%
La commune possède la seule centrale nucléaire du département,Elle est connue pour être le plus grand musée à ciel ouvert de la Ligne Maginot Cattenom
73%
Elle était l'une des plus concernées par la sidérurgie dans le département, Elle possède 4 hauts fourneaux et tous sont inactifs, La Fensch est une rivière qui passe par cette commune,Elle possède deux quartiers périphériques : "Marspich" et "Le Konacker" Hayange
73%
C'est une ville thermale et est devenu un grand centre touristique,Elle possède la plus grande piste de ski artificiel d'Europe, Elle accueille le festival international de musique "Sonisphere festival" Amnéville
69%
C'est une banlieue au nord de Metz, Elle est malheureusement connue pour sa mauvaise réputation à cause de ses quartiers et de sa cité,Elle possède une plage artificiel avec comme nom le nom de la ville, Elle est connue pour sa production de fraises. Woippy
65%
Cette commune fait partie de la couronne de Sarrebruck, Dans son nom se trouve deux noms de familles différents : l'une est une famille allemande et l'autre une famille française toutes deux en rapport avec la sidérurgie dans le département.. Stiring-Wendel
46%
Elle possède un haut fourneau qui est placé "Monument Historique" et a été transformé en Musée, Cette commune "souffre plus que d'autres d'une insécurité quotidienne et d'une délinquance enracinée" (cela a été défini par le Ministère de l'Intérieur du Gouvernement) Uckange
46%
C'est une banlieue de Metz du côté ouest, On retrouve la maison de Robert Schumann qui était considéré comme le père fondateur de l'Europe au côté de Jean Monnet qui se trouve dans cette commune. Scy-Chazelles
42%
Ce village était connu pour son extraction de sel et se trouve dans ce village, le muséedépartemental du sel. C'est dans ce village qu'il y a eu une affaire criminelle de la disparition de deux enfants âgés de 3 et 6 ans en 1968. Les principales suspects sont les parents dont le père était un "mage" et la mère, une "prêtresse" Marsal
38%
Dans cette commune se trouve la plus grande usine sidérurgique en hauteur de Moselle (hors hauts fourneaux).Celle-ci est fermé en 2009 mais a été détruit récemment.
Il y a le fleuve de l' "Orne" qui passe par cette commune. On retrouve le château de Boussange dans le village.
Gandrange
27%
Son appellation fait référence à la courte existence d'un établissement thermale au XIXème siècle, Sa principale attraction touristique est le "Château du Duc de Lorraine", Elle est à 4 km d'une ville au Luxembourg où dans celle-ci, l'Europe a mis en place un espace par rapport aux voyages internationaux et aux contrôles frontaliers. Sierck-les-Bains
27%
Elle accueille depuis 30 ans, un festival consacré au théâtre, Elle est une commune limitrophe au Bas-Rhin et à proximité de Sarrebourg,Emile Erckmann est un écrivain qui est né dans cette commune. Phalsbourg
23%
Dans cette commune se trouve un énorme ouvrage l' "Hackenberg" qui peut être visitable, Elle possède en son sein, un ancien camp qui a été réhabilité pour devenir un lieu pour jouer au paintball. Veckring
23%
Dans la forêt de ce village se trouve un camp qui se nomme le "Camp du Ban-Saint-Jean" Pendant, la 2nd guerre mondiale, il servait de refuge pour loger les troupes françaises. Il était chargé de la défense des ouvrages de la ligne Maginot voisine. Ce camp est entouré de 4 communes : "...", "Coume", "Niedervisse" et "Momerstroff"Sa commune commence par un "D" Denting
19%
C'est la commune la moins peuplée du département, pas moins de 4 personnes habitent dans ce village en 2020. Molring
19%
C'est un petit village où la principale attraction touristique est son moulin ainsi que son parc de la Canner, Sa commune voisine à un lettre de différence avec celle-ci (un "L" en plus pour la commune voisine) Buding
15%
A été construite une base aérienne dans le cadre de l'OTAN et qui a été occupé par des unités de la Force aérienne du Canada de 1952 à 1964.Elle fait partie du canton Forbach-Boulay-Moselle Grostenquin
12%
Aucun quiz correspondant
Distribution des résultats
% des personnes avec chaque résultat
Percentile par nombre de réponses
Votre historique - résultats
Vous n’avez pas pris ce quiz